000 00764cam a22002412 4500
001 0000004534
005 20151217145814.0
008 070524s xx 000 0 eng d
020 _a0878935183 :
_cGBP 36.99
040 _aKABU
_cKABU
050 0 _aQH75
_b.G76 2006
100 1 _aGroom, Martha J.
_@0000155137
245 1 0 _aPrinciples of conservation biology /
_cMartha J. Groom, Gary K. Meffe, C. Ronald Carroll.
250 _a3rd ed.
260 _aSunderland, MA :
_bSinauer Publishers,
_c2006.
300 _axix, 793 p.
650 0 _aConservation biology.
_@0000155138
700 1 _aMeffe, Gary K.
_@0000155139
700 1 _aCarroll, C. Ronald.
_@0000155140
908 _a070524
950 _@1
999 _c2764
_d2764